Berita IADP: (Record no. 121617)

MARC details
000 -LEADER
fixed length control field 00865nam a2200265 i 4500
001 - CONTROL NUMBER
control field C2-0321081
003 - CONTROL NUMBER IDENTIFIER
control field PPAK
005 - DATE AND TIME OF LATEST TRANSACTION
control field 20180728120347.0
008 - FIXED-LENGTH DATA ELEMENTS--GENERAL INFORMATION
fixed length control field 130128s1993 my a|||| ||||| | may d
040 ## - CATALOGING SOURCE
Original cataloging agency PPAK
Language of cataloging eng
Transcribing agency PPAK
Description conventions rda
082 04 - DEWEY DECIMAL CLASSIFICATION NUMBER
Classification number 630.9595
Edition number 23
090 00 - LOCALLY ASSIGNED LC-TYPE CALL NUMBER (OCLC); LOCAL CALL NUMBER (RLIN)
Classification number (OCLC) (R) ; Classification number, CALL (RLIN) (NR) 630.9595
Feature heading ANU
Feature heading KK
100 0# - MAIN ENTRY--PERSONAL NAME
Personal name Anuar Omar,
Relator term author
110 2# - MAIN ENTRY--CORPORATE NAME
Corporate name or jurisdiction name as entry element Kementerian Pertanian Malaysia
245 10 - TITLE STATEMENT
Title Berita IADP:
Remainder of title Projek Pembangunan Pertanian Bersepadu Lembah Kedah
250 ## - EDITION STATEMENT
Edition statement Dec/Jan 1993/94
264 #1 - PRODUCTION, PUBLICATION, DISTRIBUTION, MANUFACTURE, AND COPYRIGHT NOTICE
Place of production, publication, distribution, manufacture Kedah :
Name of producer, publisher, distributor, manufacturer IADP Lembah Kedah ,
Date of production, publication, distribution, manufacture, or copyright notice [1993]
300 ## - PHYSICAL DESCRIPTION
Extent 16 pages :
Other physical details colour illustrations ;
Dimensions 30 cm.
336 ## - CONTENT TYPE
Source rdacontent
Content type term text
337 ## - MEDIA TYPE
Source rdamedia
Media type term unmediated
338 ## - CARRIER TYPE
Source rdacarrier
Carrier type term volume
650 10 - SUBJECT ADDED ENTRY--TOPICAL TERM
Topical term or geographic name entry element Agriculture and state - Malaysia ; Agriculture - Research - Malaysia
710 2# - ADDED ENTRY--CORPORATE NAME
Corporate name or jurisdiction name as entry element Kementerian Pertanian Malaysia
Relator term organizer
942 ## - ADDED ENTRY ELEMENTS (KOHA)
-- dc
Koha item type Book
Holdings
Withdrawn Not for loan Current library Shelving location Date acquired Full call number Barcode Date last seen Koha item type
  Not For Loan Perpustakaan Alor Setar Koleksi Kedah 28/01/2013 KK 630.9595 ANU A00365665 09/05/2018 Bulletin